000 00442nam a2200205Ia 4500
001 084280
003 YMCAF
005 20230512161442.0
008 100717s1996 ||||||||||||||||| ||und|d
024 _a84280
035 _a23740
040 _aYMCAF
_beng
_cIN-KoLT
041 _aeng
082 _a005.1SQL
_bKIS
100 _aKishore, Swapna
245 0 _aSQL for professionals
260 _bTMH
_c1996
300 _a246
942 _2ddc
_cBK
999 _c8674
_d8674